| 000 | 00974nam a2200169Ia 4500 | ||
|---|---|---|---|
| 008 | 0000002007 pr 0000000000spa00 | ||
| 090 | _aPPR02 M36m | ||
| 245 | 1 | 0 |
_aMi Puerto Rico [Disco compacto] _b: Master Painters of the Island, 17801952 |
| 300 | _a1 Cd Rom bajo Windows ; 12 cm. | ||
| 500 | _aExposición realizada en The Newark Museum, Washington, febrero 16 abril 15, 2007 \ Incluye datos biográficos del artista \ Documentos en formato JPEG y DOC \ Registro auspiciado por la FGAA. Bogotá | ||
| 505 | _aJosé Campeche y Jordán Ramón Atiles y Pérez Francisco Oller y Cestero Manuel E. Jordán José Cuchí y Arnau FéliX Medina González Ramón Frade León Miguel Pou y Becerra | ||
| 650 | 1 | 4 | _aARTE CONTEMPORANEO PUERTORRIQUEÑO CDROM |
| 650 | 1 | 4 | _aARTISTAS PLASTICOS PUERTORRIQUEÑOS CDROM |
| 650 | 1 | 4 | _aPINTURA AL OLEO CDROM |
| 650 | 1 | 4 | _aPINTURA PUERTORRIQUEÑA CDROM |
| 999 |
_c11199 _d11199 |
||
| 260 |
_aWashington : The Newark Museum _c2007 |
||